Responses for show #7841 - Monday, October 15, 2018

Alan Dunn game 2.

Contestants

[<< previous game]

Tosh Sagar, an environmental and public health lawyer from Washington, D.C.

Sarah Sinclair, an author from Anchorage, Alaska

Alan Dunn, a software development manager from Johns Creek, Georgia (whose 1-day cash winnings total $21,201)

[next game >>]

Jeopardy! Round responses

ROOST-ERS
SOCIAL MEDIA ABBREV.
WHICH STAR WARS?
I'M GONNA PRAY ON THIS
WHAT HAD HAPPENED WAS
"BLACK" JEOPARDY
    $200 6
a pelican

Alan
    $200 15
retweet

Sarah
    $200 10
(Alan: What is The Empire Strikes Back?)

A New Hope

AlanSarah
    $200 24
Jerusalem

Alan
    $200 18
Al Gore

Alan
    $200 1
blackmail

Alan
    $400 7
locust

Alan
    $400 16
the original poster

Tosh
    $400 11
(Tosh: What is... ah.)

The Force Awakens

SarahTosh
    $400 25
(Alex: Less than a minute now.)

(Prince) Charles

Alan
    $400 19
the Tower of London

Alan
    $400 2
the black box

Sarah
    $600 8
bats

Alan
    $600 17
my eyes glaze over

Alan
    $600 12
The Last Jedi

Sarah
    $600 26
Ramadan

Sarah
    $2,000 20
(Alan: What is Apollo 11?)

Apollo 12

Alan
    $600 3
a blackberry

Tosh
    $800 9
rooks

Tosh
    $800 29
(Sarah: What is tied to top?)

to the top

Sarah
Triple Stumper
    $800 13
The Phantom Menace

Sarah
    $800 27
serenity

Alan
    $800 21
the Parthenon

Sarah
    $800 4
a black diamond

Sarah
    $1000 23
a swift

Alan
    $1000 30
Woman Crush Wednesday

Triple Stumper
    $1000 14
Attack of the Clones

Triple Stumper
    $1000 28
dust

Triple Stumper
    $1000 22
Akihito

Alan
    $1000 5
Black and Tan

Alan

Scores at the first commercial break (after clue 15):

Alan Sarah Tosh
$2,200 $3,400 $1,000

Scores at the end of the Jeopardy! Round:

Alan Sarah Tosh
$4,800 $4,000 $1,400

Double Jeopardy! Round responses

THE 5 Ws IN THE BOOKSTORE
ISLANDS
10-LETTER WORDS
OPERA
DRIVING
A JOB IN TELEVISION
    $400 26
What to Expect When You're Expecting

Alan
    $400 11
Greenland

Sarah
    $400 1
homecoming

Alan
    $400 16
Windsor

Alan
    $400 21
self-driving cars

Alan
    $400 6
a bartender

Tosh
    $800 27
I Know Why the Caged Bird Sings

Sarah
    $2,000 12
Alcatraz

Sarah
    $800 2
Neapolitan

Alan
    $800 17
(Georges) Bizet

Alan
    $800 22
air bags

Sarah
    $800 7
president

Tosh
    $1200 28
(Tosh: Who are, uh, Larry Bird and Kareem Abdul-Jabbar?)
(Sarah: Who are Larry Bird and... oh my gosh.)

Larry Bird and Magic Johnson

AlanSarahTosh
    $1200 13
Micronesia

Sarah
    $1200 3
a tourniquet

Alan
    $2,000 18
Caruso

Alan
    $1200 23
shift gears

Alan
    $1200 8
an architect

Triple Stumper
    $1600 29
Fantastic Beasts and Where to Find Them

Sarah
    $1600 14
New Zealand

Alan
    $1600 4
poinsettia

Alan
    $1600 19
Rheingold

Sarah
    $1600 24
Rand-McNally

Alan
    $1600 9
a hedge fund

Tosh
    $2000 30
The Spy Who Came in from the Cold

Alan
    $2000 15
Turkey

Sarah
    $2000 5
[Applause for Alan running the category.]

molybdenum

Alan
    $2000 20
the night visitors

Alan
    $2000 25
on-board diagnostics

Alan
    $2000 10
(Alan: What is hit man?)
(Alex: I need two parts to the--)
(Alan: Uh, [*].)

hit man and actor

Alan

Scores at the end of the Double Jeopardy! Round:

Alan Sarah Tosh
$28,400 $13,200 $3,000
(lock game)

[wagering suggestions for these scores]

Final Jeopardy! Round responses

AMERICA IN THE 1930s
ToshWhat is a fireside chat?
$0
SarahWhat is Fireside Chat?
$3,200
AlanWhat is a fireside chat?
$1,999
a fireside chat

Final scores:

Alan Sarah Tosh
$30,399 $16,400 $3,000
2-day champion: $51,600 2nd place: $2,000 3rd place: $1,000

Game dynamics:

Coryat scores:

Alan Sarah Tosh
$29,600 $12,000 $3,000
31 R
(including 1 DD),
2 W
(including 1 DD)
17 R
(including 1 DD),
2 W
6 R,
2 W

Combined Coryat: $44,600

The J! Archive is created by fans, for fans. The Jeopardy! game show and all elements thereof, including but not limited to copyright and trademark thereto, are the property of Jeopardy Productions, Inc. and are protected under law. This website is not affiliated with, sponsored by, or operated by Jeopardy Productions, Inc. Join the discussion at JBoard.tv.